ბათუმის შოთა რუსთაველის სახელმწიფო უნივერსიტეტის ბიბლიოთეკა

გოლიათი კაკალი. (ბიბ.ჩანაწერი № 41831)

000 -LEADER
fixed length control field 00831nam a2200229Ia 4500
001 - CONTROL NUMBER
control field 8514
003 - CONTROL NUMBER IDENTIFIER
control field GE_BSU
008 - FIXED-LENGTH DATA ELEMENTS--GENERAL INFORMATION
fixed length control field 181216s||||||||xx |||||||||||||| ||und||
040 ## - CATALOGING SOURCE
Transcribing agency GE_BSU
080 ## - UNIVERSAL DECIMAL CLASSIFICATION NUMBER
Universal Decimal Classification number 82-93
100 ## - MAIN ENTRY--PERSONAL NAME
Personal name ვადაჭკორია,დოდო.
245 ## - TITLE STATEMENT
Title გოლიათი კაკალი.
245 ## - TITLE STATEMENT
Remainder of title მოთხრობები:სკოლამდელი ასაკის ბავშვებისათვის.
245 ## - TITLE STATEMENT
Statement of responsibility, etc. რედ:ე.კუბლაშვილი;მხატვ:გ.ფოცხიშვილი.
260 ## - PUBLICATION, DISTRIBUTION, ETC.
Place of publication, distribution, etc. თბილისი.
260 ## - PUBLICATION, DISTRIBUTION, ETC.
Name of publisher, distributor, etc. ნაკადული.
260 ## - PUBLICATION, DISTRIBUTION, ETC.
Date of publication, distribution, etc. 1969.
300 ## - PHYSICAL DESCRIPTION
Extent 48გვ;ილ;21სმ.
653 ## - INDEX TERM--UNCONTROLLED
Uncontrolled term გოლიათი კაკალი.
653 ## - INDEX TERM--UNCONTROLLED
Uncontrolled term მოთხრობები
942 ## - ADDED ENTRY ELEMENTS (KOHA)
Koha item type წიგნი
ეგზემპლარები
Withdrawn status Lost status Damaged status Not for loan Date acquired Barcode Date last seen Price effective from Koha item type
        2018-12-17 30679 2018-12-17 2018-12-17 წიგნი
        2018-12-17 30680 2018-12-17 2018-12-17 წიგნი